|
|
|
|
| LEADER |
00000cam a2200000 7i4500 |
| 001 |
0000081081 |
| 005 |
20220105105427.0 |
| 008 |
181016 |
| 020 |
|
|
|a 9789830440156
|
| 020 |
|
|
|a 983044015X
|
| 090 |
0 |
0 |
|a JAW
|
| 245 |
0 |
0 |
|a Yakin pada diri sendiri (6)
|c Disusun oleh Heri Hartina
|
| 260 |
|
|
|a Kuala lumpur :
|b Penerbitan Fargoes Sdn.Bhd. ,
|c 1996
|
| 490 |
1 |
|
|a Siri kanak-kanak gembira
|
| 500 |
|
|
|a Children ages 7-9 years old (orange)
|
| 650 |
|
0 |
|a Jawi
|x Fiction
|
| 999 |
|
|
|a 0000766523
|b Book
|c Children Collection
|e Cawangan Bandar Penawar
|
| 999 |
|
|
|a 0000766524
|b Book
|c Children Collection
|e Cawangan Bandar Penawar
|
| 999 |
|
|
|a 0000766525
|b Book
|c Children Collection
|e Cawangan Bandar Penawar
|
| 999 |
|
|
|a 0000842085
|b Book
|c Children Collection
|e Cawangan Segamat
|
| 999 |
|
|
|a 0000842086
|b Book
|c Children Collection
|e Cawangan Segamat
|
| 999 |
|
|
|a 0000867118
|b Book
|c Children Collection
|e Cawangan Segamat
|